Software design and data structures in turbo pascal
This book uses Turbo Pascal to teach data structures and software engineering topics with an emphasis on data abstraction and the use of abstract data types. The book contains features like case studies, program style sections, syntax display boxes, common error sections, chapter reviews, quick-chec...
Na minha lista:
| Autor principal: | |
|---|---|
| Formato: | Livro |
| Idioma: | Undetermined |
| Publicado em: |
Reading, Mass.
Addison-Wesley Pub
1994
|
| Assuntos: | |
| Tags: |
Adicionar Tag
Sem tags, seja o primeiro a adicionar uma tag!
|
| Thư viện lưu trữ: | Trung tâm Học liệu Trường Đại học Cần Thơ |
|---|
| LEADER | 01008nam a2200193Ia 4500 | ||
|---|---|---|---|
| 001 | CTU_149515 | ||
| 008 | 210402s9999 xx 000 0 und d | ||
| 082 | |a 005.73 | ||
| 082 | |b K75 | ||
| 100 | |a Koffman, Elliot B. | ||
| 245 | 0 | |a Software design and data structures in turbo pascal | |
| 245 | 0 | |c Elliot B. Koffman, Bruce R. Maxim | |
| 260 | |a Reading, Mass. | ||
| 260 | |b Addison-Wesley Pub | ||
| 260 | |c 1994 | ||
| 520 | |a This book uses Turbo Pascal to teach data structures and software engineering topics with an emphasis on data abstraction and the use of abstract data types. The book contains features like case studies, program style sections, syntax display boxes, common error sections, chapter reviews, quick-check exercises, and programming projects to aid in learning. | ||
| 650 | |a Software engineering,Data structures (Computer science),Công nghệ phần mềm,Cấu trúc dữ liệu | ||
| 904 | |i Trọng Hải | ||
| 980 | |a Trung tâm Học liệu Trường Đại học Cần Thơ | ||